[Event "4NCL Rapid Team 2014"]
[Site "Daventry ENG"]
[Date "2014.10.04"]
[Round "1.1"]
[White "Rendle, Thomas E"]
[Black "Molyneux, John"]
[Result "1-0"]
[WhiteTitle "IM"]
[WhiteElo "2383"]
[BlackElo "2230"]
[WhiteTeam "Sons of Anarchy Grantham 1"]
[BlackTeam "Ashfield-Breadsall"]
[WhiteFideId "408760"]
[BlackFideId "404926"]
[EventDate "2014.10.04"]

1. e4 c6 2. Nf3 d5 3. Nc3 Bg4 4. h3 Bxf3 5. Qxf3 e6 6. d3 Nd7 7. Bd2 d4 8. Ne2
e5 9. g3 g6 10. h4 h5 11. Bh3 Qb6 12. Bxd7+ Kxd7 13. Qxf7+ Be7 14. Bg5 Qb4+ 15.
Kf1 Qd6 16. Qg7 Nf6 17. Bxf6 Qxf6 18. Qxf6 Bxf6 19. c3 c5 20. Kg2 Rad8 21. Rac1
dxc3 22. Nxc3 Bg7 23. Nd5 b6 24. Rc4 Bf8 25. Ra4 Kc6 26. Rxa7 Rc8 27. Rc1 Bd6
28. a4 Bf8 29. b4 Rb8 30. Rc7+ Kd6 31. bxc5+ bxc5 32. R1xc5 1-0

[Event "4NCL Rapid Team 2014"]
[Site "Daventry ENG"]
[Date "2014.10.04"]
[Round "1.1"]
[White "Mercs, Peter J"]
[Black "Roberson, Peter T"]
[Result "0-1"]
[BlackTitle "IM"]
[WhiteElo "2087"]
[BlackElo "2415"]
[WhiteTeam "Ashfield-Breadsall"]
[BlackTeam "Sons of Anarchy Grantham 1"]
[WhiteFideId "407615"]
[BlackFideId "412384"]
[EventDate "2014.10.04"]

1. e4 e6 2. d4 d5 3. Nd2 Be7 4. Ngf3 Nf6 5. e5 Nfd7 6. Bd3 c5 7. c3 Nc6 8. O-O
a5 9. Re1 cxd4 10. cxd4 g5 11. h4 h6 12. Nf1 g4 13. N3h2 h5 14. Be3 Bxh4 15. Rc1
Nf8 16. Bb5 Bd7 17. a4 Ng6 18. Re2 Rc8 19. Rec2 f5 20. f4 Be7 21. Bxc6 Bxc6 22.
b3 Kf7 23. Nd2 Ba3 24. Ra1 Qe7 25. Nb1 Bb4 26. Nc3 h4 27. Nb5 g3 28. Nf3 Kg7 29.
Ng5 Qd7 30. Na7 Rc7 31. Nxc6 Rxc6 32. Rxc6 bxc6 33. Rc1 Be7 34. Nh3 Rb8 35. Qc2
Rb6 36. Bd2 Qb7 37. Rb1 Qa6 38. Qd1 c5 39. Be3 cxd4 40. Qxd4 Rc6 41. Ng5 Qe2 42.
Qd2 Rc2 43. Qxe2 Rxe2 44. Bb6 Bxg5 45. fxg5 f4 46. Kf1 Rc2 47. b4 f3 48. gxf3 h3
49. Kg1 Nh4 50. Rf1 h2+ 0-1

[Event "4NCL Rapid Team 2014"]
[Site "Daventry ENG"]
[Date "2014.10.04"]
[Round "1.1"]
[White "Grund, Holger"]
[Black "Burke, Steven J"]
[Result "0-1"]
[WhiteElo "2415"]
[BlackElo "1974"]
[WhiteTeam "Sons of Anarchy Grantham 1"]
[BlackTeam "Ashfield-Breadsall"]
[WhiteFideId "4624475"]
[BlackFideId "407186"]
[EventDate "2014.10.04"]

1. e4 c5 2. Nf3 d6 3. d4 cxd4 4. Qxd4 Nc6 5. Bb5 a6 6. Bxc6+ bxc6 7. Nc3 e5 8.
Qd3 Be7 9. O-O Be6 10. Rd1 h6 11. b3 Nf6 12. Ba3 c5 13. Nd2 Qa5 14. Na4 O-O 15.
Nc4 Bxc4 16. Qxc4 Qb5 17. Qd3 Qxd3 18. cxd3 Rab8 19. Bc1 Nd7 20. Be3 f5 21. f3
f4 22. Bd2 g5 23. Rab1 Nb6 24. Nb2 Kf7 25. Nc4 Nxc4 26. dxc4 h5 27. Ba5 Rb7 28.
Rd5 Rg8 29. Kf2 Ke6 30. h3 Bd8 31. Bc3 g4 32. hxg4 Rbg7 33. Rbd1 Bh4+ 34. Ke2
Be7 35. Rh1 hxg4 36. Rh6+ Rg6 37. Rxg6+ Rxg6 38. Be1 gxf3+ 39. Kxf3 Rh6 40. g3
Rh1 41. Bf2 fxg3 42. Bxg3 Bg5 43. Kg4 Rg1 44. Rd3 Bf4 45. Kh3 Bxg3 46. Rxg3 Re1
47. Rg7 Rxe4 48. Ra7 Re2 49. Rxa6 e4 50. Kg4 Ke5 51. a4 Rg2+ 52. Kh3 Rb2 53. Kg3
Rxb3+ 54. Kf2 Rb4 55. Ra8 Rxc4 56. Ke3 Rc3+ 57. Kd2 Kd4 58. Rd8 d5 59. a5 Ra3
60. Ra8 e3+ 61. Ke2 Ra2+ 62. Kf3 Kd3 63. a6 d4 64. a7 c4 65. Kf4 e2 0-1

[Event "4NCL Rapid Team 2014"]
[Site "Daventry ENG"]
[Date "2014.10.04"]
[Round "1.2"]
[White "Piper, Matthew S"]
[Black "Habershon, Paul F"]
[Result "1-0"]
[WhiteElo "2362"]
[BlackElo "2114"]
[WhiteTeam "Barbican 1"]
[BlackTeam "MK Phoenix"]
[WhiteFideId "401463"]
[BlackFideId "409065"]
[EventDate "2014.10.04"]

1. c4 g6 2. g3 Bg7 3. Bg2 c5 4. Nc3 Nc6 5. Nf3 Nf6 6. O-O O-O 7. d4 cxd4 8. Nxd4
a6 9. b3 Qc7 10. Bb2 d6 11. Rc1 Nxd4 12. Qxd4 Be6 13. Rfd1 Rab8 14. Nd5 Bxd5 15.
Bxd5 Nh5 16. Qd2 Bxb2 17. Qxb2 Nf6 18. Bg2 Qc5 19. b4 Qh5 20. h3 Rfc8 21. a3 Rc7
22. Rc2 b5 23. cxb5 Rxc2 24. Qxc2 Qxb5 25. e3 a5 26. Bf1 Qb6 27. b5 Nd7 28. Qe4
Ne5 29. Rc1 e6 30. a4 Qb7 31. Qxb7 Rxb7 32. Rc8+ Kg7 33. Ra8 Rc7 34. Rxa5 Rc2
35. Kg2 Nc4 36. Bxc4 Rxc4 37. b6 Rb4 38. Rb5 1-0

[Event "4NCL Rapid Team 2014"]
[Site "Daventry ENG"]
[Date "2014.10.04"]
[Round "1.2"]
[White "Freeman, Richard C P"]
[Black "Pritchett, Craig W"]
[Result "0-1"]
[BlackTitle "IM"]
[WhiteElo "2041"]
[BlackElo "2315"]
[WhiteTeam "MK Phoenix"]
[BlackTeam "Barbican 1"]
[WhiteFideId "410349"]
[BlackFideId "2400065"]
[EventDate "2014.10.04"]

1. f4 d5 2. Nf3 g6 3. g3 Bg7 4. Bg2 Nf6 5. O-O O-O 6. d3 b6 7. Qe1 Bb7 8. c3 c5
9. Na3 Nc6 10. Nc2 Rc8 11. Bd2 Qc7 12. e4 dxe4 13. dxe4 Ba6 14. e5 Ng4 15. h3
Bxf1 16. Qxf1 Nh6 17. g4 f6 18. exf6 exf6 19. Nfe1 Nf7 20. Ne3 Ne7 21. Qc4 Kh8
22. Nd3 Rcd8 23. Rd1 Nd6 24. Qe6 Rfe8 25. Nf2 Nef5 26. gxf5 Rxe6 27. fxe6 Qe7
28. Bd5 f5 29. Nd3 Nb5 30. c4 Nd4 31. Bc3 Ne2+ 32. Kf2 Nxc3 33. bxc3 Qh4+ 34.
Kg2 Bxc3 35. Nf1 Bd4 36. Nh2 Qf6 37. Nf3 Kg7 38. Ng5 Re8 39. Re1 Re7 40. Nf7 Bc3
41. Re2 Qd4 42. Nfe5 b5 43. Nc6 Qxd3 44. Nxe7 Qxe2+ 0-1

[Event "4NCL Rapid Team 2014"]
[Site "Daventry ENG"]
[Date "2014.10.04"]
[Round "1.2"]
[White "Dorrington, Chris J"]
[Black "Macdonald-Ross, Michael"]
[Result "1-0"]
[WhiteElo "2329"]
[BlackElo "2130"]
[WhiteTeam "Barbican 1"]
[BlackTeam "MK Phoenix"]
[WhiteFideId "410462"]
[BlackFideId "2400359"]
[EventDate "2014.10.04"]

1. Nf3 Nf6 2. d4 d5 3. c4 e6 4. Nc3 Be7 5. cxd5 exd5 6. Bf4 c6 7. Qc2 g6 8. e3
Bf5 9. Qb3 Qb6 10. Nd2 Nbd7 11. f3 Qxb3 12. Nxb3 a5 13. g4 Be6 14. a4 O-O 15.
Bd3 c5 16. Nxc5 Nxc5 17. dxc5 Bxc5 18. Nb5 Nd7 19. h4 Nb6 20. Kf2 Nc4 21. b3 Nb6
22. h5 Nd7 23. hxg6 fxg6 24. Nc7 Rxf4 25. Nxa8 Ne5 26. Be2 Nxg4+ 27. Kg3 Bxe3
28. fxg4 Rf2 29. Bf3 Rc2 30. Rad1 Bf2+ 31. Kg2 Be3+ 32. Kh3 Rc8 33. Rhe1 1-0

[Event "4NCL Rapid Team 2014"]
[Site "Daventry ENG"]
[Date "2014.10.04"]
[Round "1.3"]
[White "Hodgson, John H"]
[Black "Smerdon, David"]
[Result "0-1"]
[BlackTitle "GM"]
[WhiteElo "2104"]
[BlackElo "2506"]
[WhiteTeam "Barbican 3"]
[BlackTeam "Guildford"]
[WhiteFideId "403520"]
[BlackFideId "3202305"]
[EventDate "2014.10.04"]

1. e4 d5 2. exd5 Nf6 3. Nf3 Bg4 4. Bb5+ Nbd7 5. h3 Bh5 6. Nc3 a6 7. Be2 Nb6 8.
d4 Nfxd5 9. Nxd5 Qxd5 10. O-O e6 11. b3 Be7 12. c4 Qd8 13. Be3 O-O 14. Ne5 Bxe2
15. Qxe2 Nd7 16. Rad1 Nxe5 17. dxe5 Qc8 18. Rd3 Rd8 19. Rfd1 Rxd3 20. Rxd3 Qe8
21. Qc2 Qc6 22. Rd2 Bb4 23. Rd1 h6 24. Qd3 Be7 25. Qc2 b5 26. Rc1 b4 27. Rd1 a5
28. Rd2 a4 29. Qd3 axb3 30. axb3 Rd8 31. Qc2 Rxd2 32. Bxd2 Qd7 33. Be3 Bg5 34.
f4 Be7 35. Qd2 Qc6 36. Qd3 h5 37. Kf1 g6 38. Kg1 Kg7 39. Kf1 Qa8 40. Bf2 Qa1+
41. Ke2 Qb2+ 42. Kf3 Qc1 43. Be3 Qa1 44. Bf2 Qb2 45. Be3 Bh4 46. Bd4 Qc1 47. Be3
Qe1 48. Qd2 Qf1+ 49. Ke4 Be1 50. Qc2 g5 51. Qa2 Bc3 52. Qc2 g4 53. hxg4 hxg4 54.
Qa2 Qd1 55. Bf2 Kg6 56. Be3 Kg7 57. Bf2 Qf1 58. Be3 Qd1 59. Bf2 Qh1 60. Be3 Qh7+ 0-1

[Event "4NCL Rapid Team 2014"]
[Site "Daventry ENG"]
[Date "2014.10.04"]
[Round "1.3"]
[White "Flear, Glenn C"]
[Black "Bhatia, Kanwal K"]
[Result "1-0"]
[WhiteTitle "GM"]
[BlackTitle "WFM"]
[WhiteElo "2462"]
[BlackElo "2036"]
[WhiteTeam "Guildford"]
[BlackTeam "Barbican 3"]
[WhiteFideId "400165"]
[BlackFideId "407496"]
[EventDate "2014.10.04"]

1. d4 Nf6 2. c4 c5 3. d5 b5 4. cxb5 a6 5. bxa6 g6 6. Nc3 Bg7 7. e4 O-O 8. Nf3
Bxa6 9. Bxa6 Nxa6 10. O-O d6 11. Qe2 Nd7 12. Bg5 Re8 13. a4 Qa5 14. Nb5 Rac8 15.
Bd2 Nb4 16. Bc3 Nf6 17. Nd2 Qa6 18. Nc4 Red8 19. Rfd1 Ne8 20. Qd2 e6 21. Bxb4
cxb4 22. Qxb4 Rc5 23. Ncxd6 Nxd6 24. Qxc5 Nxe4 25. Qc7 Rc8 26. Qa7 Qxa7 27. Nxa7
Ra8 28. Nb5 exd5 29. Ra2 Rd8 30. g3 d4 31. a5 d3 32. a6 Nc5 33. a7 1-0

[Event "4NCL Rapid Team 2014"]
[Site "Daventry ENG"]
[Date "2014.10.04"]
[Round "1.3"]
[White "Moss, Guy"]
[Black "Flear, Christine"]
[Result "1-0"]
[BlackTitle "WIM"]
[WhiteElo "2019"]
[BlackElo "2181"]
[WhiteTeam "Barbican 3"]
[BlackTeam "Guildford"]
[WhiteFideId "2804620"]
[BlackFideId "602604"]
[EventDate "2014.10.04"]

1. e4 c5 2. Nf3 a6 3. c3 Nf6 4. Bd3 d6 5. Bc2 g6 6. h3 Bg7 7. O-O O-O 8. Re1 Nc6
9. d4 cxd4 10. cxd4 e5 11. dxe5 dxe5 12. Nc3 Qc7 13. Bg5 Be6 14. Bb3 Bxb3 15.
Qxb3 Nd4 16. Nxd4 exd4 17. Bxf6 Bxf6 18. Nd5 Qd8 19. Rac1 b5 20. Nxf6+ Qxf6 21.
e5 Qg5 22. e6 Ra7 23. Rcd1 Qc5 24. Rd3 Kh8 25. Red1 fxe6 26. Qxe6 Raf7 27. f3
Rf4 28. Kh1 a5 29. Qe1 b4 30. Rc1 Qb5 31. Rd2 d3 32. Rc7 Re8 33. Qc1 Rf6 34. Rc8
Rd6 35. Qc7 Rxc8 36. Qxc8+ Kg7 37. Qc7+ Rd7 38. Qf4 Qc5 39. Kh2 Qd6 40. Qxd6
Rxd6 41. Kg3 Kf6 42. Kf4 Rc6 43. Ke3 Kf5 44. g3 h5 45. Rxd3 a4 46. Rd5+ Ke6 47.
Rd4 Rb6 48. Ke4 a3 49. bxa3 bxa3 50. Ra4 Rb2 51. Rxa3 Re2+ 52. Kf4 Rc2 53. Ra6+
Kf7 54. a4 Rb2 55. Kg5 Rg2 56. Ra7+ Kf8 57. g4 hxg4 58. fxg4 Rg3 59. h4 Rg2 60.
a5 Ke8 61. a6 1-0

[Event "4NCL Rapid Team 2014"]
[Site "Daventry ENG"]
[Date "2014.10.04"]
[Round "1.3"]
[White "Emerson, Roger"]
[Black "Verma, Aditya"]
[Result "1-0"]
[WhiteElo "2184"]
[BlackElo "1674"]
[WhiteTeam "Guildford"]
[BlackTeam "Barbican 3"]
[WhiteFideId "424099"]
[BlackFideId "426202"]
[EventDate "2014.10.04"]

1. e4 c5 2. Nf3 d6 3. Nc3 Nf6 4. e5 dxe5 5. Nxe5 Nbd7 6. d4 Nxe5 7. dxe5 Qxd1+
8. Kxd1 Ng4 9. Bb5+ Bd7 10. e6 Bxb5 11. Nxb5 O-O-O+ 12. Ke2 a6 13. Nc3 fxe6 14.
Ne4 Rd4 15. f3 Nf6 16. Ng5 e5 17. Be3 Rd5 18. c4 Rd7 19. Rhd1 e6 20. Nxe6 Rxd1
21. Rxd1 Nd7 22. Rd5 Be7 23. Bxc5 Nf6 24. Bxe7 Nxd5 25. cxd5 Re8 26. Bb4 Kd7 27.
Ke3 b6 28. Ke4 a5 29. Bc3 a4 30. Kxe5 g6 31. g4 b5 32. f4 Rb8 33. a3 Rg8 34. Bb4
h5 35. h3 hxg4 36. hxg4 Rh8 37. Nf8+ Ke8 38. Nxg6 Rh2 39. Bc3 Rc2 40. g5 b4 41.
Bxb4 Rxb2 42. Bd6 Re2+ 43. Kf6 Rd2 44. Ke6 Re2+ 45. Ne5 Rf2 46. f5 Kd8 47. f6
Ke8 48. g6 Kd8 49. f7 1-0

[Event "4NCL Rapid Team 2014"]
[Site "Daventry ENG"]
[Date "2014.10.04"]
[Round "2.1"]
[White "Batchelor, Peter J"]
[Black "Piper, Matthew S"]
[Result "1/2-1/2"]
[WhiteElo "2236"]
[BlackElo "2362"]
[WhiteTeam "Sons of Anarchy Grantham 2"]
[BlackTeam "Barbican 1"]
[WhiteFideId "424854"]
[BlackFideId "401463"]
[EventDate "2014.10.04"]

1. d4 Nf6 2. Nf3 e6 3. c4 Bb4+ 4. Bd2 Qe7 5. g3 Nc6 6. Nc3 Bxc3 7. Bxc3 Ne4 8.
Rc1 d6 9. Bg2 Nxc3 10. Rxc3 e5 11. d5 Nb8 12. O-O O-O 13. Qc2 Bg4 14. Ne1 a5 15.
e4 Na6 16. a3 a4 17. Nd3 Bd7 18. f4 f6 19. Re1 c5 20. dxc6 Bxc6 21. c5 Rad8 22.
Qf2 Nxc5 23. Nxc5 dxc5 24. Rxc5 Rd4 25. Rc2 Rfd8 26. h3 Qd6 27. Kh2 Rd3 28. Bf1
Rd4 29. Bg2 h6 30. fxe5 Qxe5 31. Qf4 Re8 32. Rce2 Rd3 33. Qxe5 Rxe5 34. g4 h5
35. Re3 Rd4 36. Kg3 hxg4 37. hxg4 Kf7 38. Bf3 Ke7 39. R3e2 Kd6 40. Re3 Rb5 41.
R1e2 Ke5 42. Bg2 Rd1 43. Rf2 g6 44. Bf1 Rc5 45. Ref3 Rd6 46. Bd3 Rc1 47. Rf1
Rxf1 48. Bxf1 Bxe4 49. Rc3 Bc6 50. Bd3 f5 51. gxf5 gxf5 52. Bc2 Rg6+ 53. Kf2
Rg2+ 54. Kf1 Rh2 55. Kg1 Rd2 56. Kf1 f4 57. Ke1 Rh2 58. b3 axb3 59. Bxb3 Kd4 60.
Rc4+ Ke5 61. Rc5+ Kd6 62. Rf5 Rh3 63. Bd1 Re3+ 64. Kd2 Re4 65. Bc2 Re3 66. Rxf4
Rxa3 67. Kc1 Rg3 68. Rf2 b5 69. Kb2 b4 70. Rf6+ Kc5 71. Rf5+ Kb6 72. Rf6 Rc3 73.
Ba4 Kb7 74. Bxc6+ Rxc6 75. Rxc6 Kxc6 76. Kb3 Kb7 77. Kxb4 1/2-1/2

[Event "4NCL Rapid Team 2014"]
[Site "Daventry ENG"]
[Date "2014.10.04"]
[Round "2.1"]
[White "Pritchett, Craig W"]
[Black "Purton, Ben J"]
[Result "0-1"]
[WhiteTitle "IM"]
[WhiteElo "2315"]
[BlackElo "2142"]
[WhiteTeam "Barbican 1"]
[BlackTeam "Sons of Anarchy Grantham 2"]
[WhiteFideId "2400065"]
[BlackFideId "411132"]
[EventDate "2014.10.04"]

1. c4 Nf6 2. Nc3 c5 3. Nf3 Nc6 4. d4 cxd4 5. Nxd4 g6 6. e4 d6 7. Be2 Bg7 8. Be3
O-O 9. O-O Bd7 10. Qd2 Ng4 11. Bxg4 Bxg4 12. Rac1 Bd7 13. Rfd1 f5 14. exf5 gxf5
15. Nde2 Ne5 16. Nd5 Bc6 17. Bg5 Rf7 18. Nef4 Qd7 19. Nh5 Kh8 20. Nxg7 Rxg7 21.
Nxe7 Qxe7 22. f4 Nf3+ 23. gxf3 h6 24. Re1 Qf7 25. h4 hxg5 26. hxg5 Bxf3 27. Re3
Qh5 28. Qc3 Qh1+ 29. Kf2 Qg2+ 30. Ke1 Be4 31. Rg3 Qh1+ 32. Kf2 Qh2+ 33. Kf1 Kg8
34. Rd1 Re8 35. Rd2 Qh1+ 36. Kf2 Bc6 37. Rxd6 Qh2+ 38. Kf1 Qe2+ 39. Kg1 Qe4 40.
c5 Qe1+ 41. Qxe1 Rxe1+ 42. Kf2 Rc1 43. g6 Rd7 44. Re6 Rc2+ 45. Ke3 Be4 46. Rd6
Rxd6 47. cxd6 Rc6 48. Kd4 Rxd6+ 49. Ke5 Rd3 50. Rg1 Kg7 51. b4 Rd5+ 52. Ke6 Rb5
53. a3 Rb6+ 54. Ke5 Rxg6 55. Rc1 Rc6 56. Rd1 Rc7 57. Kd6 Rc3 58. a4 Rd3+ 59.
Rxd3 Bxd3 60. Kc7 Be4 61. a5 a6 62. Kb6 Kg6 0-1

[Event "4NCL Rapid Team 2014"]
[Site "Daventry ENG"]
[Date "2014.10.04"]
[Round "2.2"]
[White "Jackson, James P"]
[Black "McGann, Gary"]
[Result "1-0"]
[WhiteTitle "FM"]
[WhiteElo "2336"]
[BlackElo "2083"]
[WhiteTeam "Barbican 2"]
[BlackTeam "Leeds University Old Boys 1"]
[WhiteFideId "416860"]
[BlackFideId "428345"]
[EventDate "2014.10.04"]

1. e4 b6 2. d4 Bb7 3. Nc3 e6 4. a3 d6 5. f4 Nf6 6. Bd3 c5 7. Nf3 Nbd7 8. O-O Be7
9. f5 cxd4 10. Nxd4 e5 11. Nde2 O-O 12. Ng3 Nc5 13. Qe2 Nxd3 14. cxd3 d5 15.
exd5 Nxd5 16. Nge4 Nxc3 17. bxc3 f6 18. c4 Qd7 19. Bb2 Rfd8 20. Rf3 Bxe4 21.
Qxe4 Bc5+ 22. Kf1 Bd4 23. Bxd4 Qxd4 24. Qxd4 Rxd4 25. Ke2 Rad8 26. Re3 Kf7 27.
a4 Rf4 28. Rf1 Rfd4 29. a5 bxa5 30. Ra1 Rf4 31. Rxa5 Rd7 32. Rf3 Rxf3 33. gxf3
Ke7 34. Ke3 Kd6 35. f4 Re7 36. Ke4 exf4+ 37. Kxf4 Kc6 38. d4 Rd7 39. Ke4 Re7+
40. Kd3 Kb6 41. Rb5+ Kc6 42. d5+ Kc7 43. c5 Re5 44. Kd4 Rxf5 45. Ra5 Kb7 46. d6
Kc6 47. Ra6+ Kb7 48. c6+ Kc8 49. Rxa7 Rf1 50. Ra8# 1-0

[Event "4NCL Rapid Team 2014"]
[Site "Daventry ENG"]
[Date "2014.10.04"]
[Round "2.2"]
[White "Mossong, Hubert"]
[Black "Buchicchio, Giampaolo"]
[Result "1/2-1/2"]
[WhiteTitle "FM"]
[BlackTitle "FM"]
[WhiteElo "2094"]
[BlackElo "2295"]
[WhiteTeam "Leeds University Old Boys 1"]
[BlackTeam "Barbican 2"]
[WhiteFideId "4000030"]
[BlackFideId "811491"]
[EventDate "2014.10.04"]

1. e4 c5 2. Nc3 Nc6 3. Bb5 Nd4 4. Nge2 g6 5. Nxd4 cxd4 6. Ne2 Bg7 7. c3 a6 8.
Bd3 dxc3 9. dxc3 d6 10. Be3 Nf6 11. f3 O-O 12. Qc2 Qc7 13. Rd1 d5 14. O-O dxe4
15. Bxe4 Nxe4 16. Qxe4 Be6 17. b3 Bf5 18. Qb4 e5 19. Qb6 Rfc8 20. c4 Bf8 21. Nc3
Qb8 22. Na4 Rc6 23. Qa5 b5 24. Nb2 e4 25. fxe4 Bxe4 26. Qd2 Qb7 27. Rf2 Rd6 28.
Qe2 Rad8 29. Rdf1 R6d7 30. c5 Re8 31. Rf6 Bg7 32. Rb6 Qa8 33. Qf2 Bxg2 34. Qxg2
Qxg2+ 35. Kxg2 Rxe3 36. Nd1 Re2+ 37. Rf2 Re8 38. Nb2 Bd4 39. Rc2 Rc7 40. Nd3 Re3
41. Rd2 Bxc5 42. Nxc5 Rxc5 43. Rxa6 Kg7 44. Ra7 h5 45. Rf2 Rg5+ 46. Kf1 Rge5 47.
Rfxf7+ Kh6 48. h4 Re1+ 49. Kf2 R1e2+ 50. Kf1 1/2-1/2

[Event "4NCL Rapid Team 2014"]
[Site "Daventry ENG"]
[Date "2014.10.04"]
[Round "2.2"]
[White "Sands, David A"]
[Black "Deighton, Simon"]
[Result "1/2-1/2"]
[WhiteElo "2194"]
[BlackElo "2029"]
[WhiteTeam "Barbican 2"]
[BlackTeam "Leeds University Old Boys 1"]
[WhiteFideId "402060"]
[BlackFideId "428132"]
[EventDate "2014.10.04"]

1. d4 Nf6 2. c4 g6 3. Nc3 Bg7 4. e4 d6 5. Be2 O-O 6. Bg5 Na6 7. Qc2 c6 8. Rd1
Nc7 9. Nf3 Qe8 10. d5 a6 11. O-O b5 12. dxc6 Qxc6 13. Nd4 Qb7 14. cxb5 axb5 15.
Ndxb5 Ne6 16. Be3 Bd7 17. Nd4 Rfc8 18. Qb1 Nxd4 19. Bxd4 Be6 20. b3 Qb4 21. Bxf6
Bxf6 22. Nd5 Bxd5 23. exd5 Ra3 24. Rc1 Rca8 25. Rc2 Kg7 26. Bc4 Be5 27. g3 Bd4
28. Rd1 Bf6 29. Rdd2 Bc3 30. Re2 Bf6 31. Kg2 Rb8 32. Qd1 Qc5 33. Qd3 Qc8 34. Qf3
Qd7 35. Qd3 1/2-1/2

[Event "4NCL Rapid Team 2014"]
[Site "Daventry ENG"]
[Date "2014.10.04"]
[Round "2.3"]
[White "Mayhew, Andrew"]
[Black "Zakarian, David"]
[Result "1/2-1/2"]
[BlackTitle "FM"]
[WhiteElo "2120"]
[BlackElo "2400"]
[WhiteTeam "RSJ"]
[BlackTeam "Oxford 1"]
[WhiteFideId "405493"]
[BlackFideId "13301276"]
[EventDate "2014.10.04"]

1. d4 Nf6 2. Nc3 d5 3. Bf4 c6 4. e3 Bf5 5. f3 Qb6 6. Qd2 e6 7. g4 Bg6 8. h4 h5
9. g5 Nfd7 10. Bd3 Bxd3 11. Qxd3 g6 12. Nge2 Na6 13. O-O-O Nb4 14. Qd2 c5 15.
Kb1 Bg7 16. a3 a5 17. Na4 Qc6 18. Nxc5 Nxc5 19. dxc5 Na6 20. Qxa5 O-O 21. Bd6
Rfd8 22. Nd4 Bxd4 23. exd4 b6 24. Qc3 Rdc8 25. Rh2 Qd7 26. Qe3 Rc6 27. Qf4 bxc5
28. Be5 Qd8 29. dxc5 Nxc5 30. c4 Nd7 31. cxd5 Nxe5 32. Qxe5 exd5 33. Rxd5 Qb6
34. Rhd2 Re6 35. Qd4 Re1+ 36. Ka2 Qe6 37. Qc4 Re8 38. R5d4 Qf5 39. Re4 R1xe4 40.
fxe4 Rxe4 41. Rd8+ Kh7 42. Rd4 Re1 43. Rf4 Qb1+ 44. Kb3 Re3+ 45. Ka4 Qd1+ 46. b3
Qd7+ 47. Kb4 Qb7+ 48. Ka4 Qa7+ 49. Kb4 Qb7+ 50. Ka4 1/2-1/2

[Event "4NCL Rapid Team 2014"]
[Site "Daventry ENG"]
[Date "2014.10.04"]
[Round "2.3"]
[White "Healey, Michael W"]
[Black "Snape, Ian L"]
[Result "1-0"]
[WhiteElo "2111"]
[BlackElo "2172"]
[WhiteTeam "Oxford 1"]
[BlackTeam "RSJ"]
[WhiteFideId "410012"]
[BlackFideId "404489"]
[EventDate "2014.10.04"]

1. e4 c5 2. Nf3 d6 3. Nc3 Nf6 4. e5 dxe5 5. Nxe5 a6 6. a4 Nbd7 7. Nc4 g6 8. g3
Bg7 9. Bg2 O-O 10. O-O Nb6 11. Nxb6 Qxb6 12. a5 Qc7 13. d3 Bd7 14. Qe2 Rfe8 15.
Re1 e5 16. Bg5 Bc6 17. Bxf6 Bxf6 18. Nd5 Bxd5 19. Bxd5 Rad8 20. Qf3 Rd7 21. c4
Kg7 22. g4 e4 23. Rxe4 Rxe4 24. Bxe4 Bxb2 25. Rb1 Qxa5 26. Bxb7 Bd4 27. Bd5 Qd2
28. Rb7 Rxb7 29. Bxb7 a5 30. Ba8 Qe1+ 31. Kg2 Qe7 32. Bc6 Qf6 33. Qxf6+ Kxf6 34.
Kf3 h6 35. Kg3 g5 36. h3 Ke5 37. Kf3 Bb2 38. Ke2 Bc1 39. Kd1 Bf4 40. Kc2 Kd4 41.
Be4 Bh2 42. Kb3 Bg1 43. f3 Be3 44. Ka4 Bd2 45. Kb5 Bb4 46. Ka4 Ke3 47. Kb5 Kf4
48. d4 cxd4 49. c5 Ke3 50. c6 Bd6 51. Kxa5 Bc7+ 52. Ka6 d3 53. Kb7 d2 54. Bc2
Ba5 55. c7 Bxc7 56. Kxc7 Ke2 57. Kd6 d1=Q+ 58. Bxd1+ Kxd1 59. Ke7 Ke2 60. Kxf7
Kxf3 61. Kg6 1-0

[Event "4NCL Rapid Team 2014"]
[Site "Daventry ENG"]
[Date "2014.10.04"]
[Round "2.3"]
[White "Talsma, Paul"]
[Black "Chiu, Howard"]
[Result "1-0"]
[BlackTitle "CM"]
[WhiteElo "2193"]
[BlackElo "2067"]
[WhiteTeam "RSJ"]
[BlackTeam "Oxford 1"]
[WhiteFideId "1018779"]
[BlackFideId "5801338"]
[EventDate "2014.10.04"]

1. d4 Nf6 2. c4 e6 3. Nc3 Bb4 4. a3 Bxc3+ 5. bxc3 c5 6. e3 d6 7. Bd3 Nc6 8. Ne2
e5 9. O-O O-O 10. e4 Re8 11. d5 Ne7 12. f3 Ng6 13. Bg5 h6 14. Be3 Nh5 15. g3 Nf6
16. Qd2 Qe7 17. Kh1 Nh7 18. g4 Bd7 19. Ng3 Kh8 20. Rf2 Ng5 21. Nf5 Bxf5 22. gxf5
Nf8 23. Raf1 Nd7 24. Rg2 Nh7 25. Rfg1 Rg8 26. Qf2 Qf6 27. Qg3 Ndf8 28. Qh3 1-0

[Event "4NCL Rapid Team 2014"]
[Site "Daventry ENG"]
[Date "2014.10.04"]
[Round "3.1"]
[White "Ghasi, Ameet K"]
[Black "Batchelor, Peter J"]
[Result "0-1"]
[WhiteTitle "IM"]
[WhiteElo "2475"]
[BlackElo "2236"]
[WhiteTeam "Sons of Anarchy Grantham 1"]
[BlackTeam "Sons of Anarchy Grantham 2"]
[WhiteFideId "409200"]
[BlackFideId "424854"]
[EventDate "2014.10.04"]

1. Nf3 Nf6 2. g3 d5 3. Bg2 g6 4. O-O Bg7 5. d3 O-O 6. c3 a5 7. a4 b6 8. Bf4 Bb7
9. Qc1 Re8 10. d4 Ne4 11. c4 dxc4 12. Qxc4 Nd6 13. Qb3 e6 14. Nc3 Nc6 15. Rfd1
Nb4 16. Rac1 Rc8 17. Be5 Qe7 18. e3 Ne4 19. Bxg7 Kxg7 20. Ne5 Nd6 21. Bxb7 Nxb7
22. Ne4 Nd6 23. Nd2 h5 24. h4 Red8 25. Nc6 Nxc6 26. Rxc6 e5 27. Nf3 exd4 28.
Nxd4 Ne4 29. Qc4 Rd7 30. Rxb6 Nxg3 31. Qc3 Kh7 32. Kg2 Ne2 33. Qc6 Rd6 34. Qb7
Rxb6 35. Qxc8 Qe4+ 36. Kf1 Nxd4 37. Rxd4 Qh1+ 38. Ke2 Rxb2+ 39. Rd2 Rxd2+ 40.
Kxd2 Qxh4 41. Qxc7 Qxf2+ 42. Kd3 h4 43. Qxa5 h3 44. Qd5 Qf5+ 0-1

[Event "4NCL Rapid Team 2014"]
[Site "Daventry ENG"]
[Date "2014.10.04"]
[Round "3.1"]
[White "Varnam, Liam D"]
[Black "Rendle, Thomas E"]
[Result "1-0"]
[BlackTitle "IM"]
[WhiteElo "2124"]
[BlackElo "2383"]
[WhiteTeam "Sons of Anarchy Grantham 2"]
[BlackTeam "Sons of Anarchy Grantham 1"]
[WhiteFideId "410950"]
[BlackFideId "408760"]
[EventDate "2014.10.04"]
[EventType "team (rapid)"]

1. c4 f5 2. g3 Nf6 3. Bg2 g6 4. Nc3 d6 5. d3 Bg7 6. e4 Nc6 7. Nge2 O-O 8. O-O e5
9. Nd5 Ne7 10. Nxf6+ Bxf6 11. f4 c6 12. Nc3 Be6 13. Qe2 Qd7 14. Be3 a6 15. Rad1
b5 16. c5 d5 17. fxe5 Bxe5 18. d4 Bg7 19. e5 h6 20. h4 Kh7 21. Qd3 Ng8 22. Ne2
h5 23. Nf4 Nh6 24. Nh3 Ng4 25. Ng5+ Kg8 26. Bf4 a5 27. Bh3 b4 28. Bxg4 hxg4 29.
Kf2 Rfe8 30. Rh1 Bf7 31. Rh2 Qe7 32. Rdh1 Kf8 33. Nxf7 Qxf7 34. h5 Re6 35. hxg6
Qxg6 36. Rh8+ Bxh8 37. Rxh8+ Kg7 38. Rxa8 Qh5 39. Qf1 Re7 40. Ra6 Kg8 41. Rxc6
Rh7 42. Qg2 Qf7 43. Rd6 Kf8 44. Qxd5 Rh2+ 45. Kg1 Qxd5 46. Rxd5 Rxb2 47. c6 Ke7
48. c7 Rc2 49. Rc5 Rxc5 50. dxc5 Kd7 51. e6+ Kc8 52. e7 1-0